000
00322nam a2200133Ia 4500
008
240624s9999 xx 000 0 und d
041
_a
eng
082
_a
891.43 NAS
100
_a
NASRIN TASLIMA
245
_a
VE ANDHERE DIN
260
_c
2004
_a
New Delhi
_b
Vani Prakashan
300
_a
465 : p. : cm. ; 21
365
_c
RS
_b
20
999
_c
8064
_d
8064